00265nam a2200097 a 4500008004100000050001500041245004000056246003200096260003000128350000900158120416s1994 ||||||||||||||||| || u aTR 330 Pho10aPhotographic printing and enlarging aseries editor Sidney F. Ray aOxfordbButterworthc1994 a0.00